|
|
|
|
| LEADER |
00000cam a2200000 a 4500 |
| 001 |
vtls010652743 |
| 003 |
SK-MaSNL |
| 005 |
20260302051718.0 |
| 008 |
210903s1752 xo a 000 0 lat |
| 015 |
|
|
|a SNBHFA
|
| 040 |
|
|
|a SNK
|b slo
|c SNK
|e AACR2
|
| 041 |
0 |
|
|a lat
|
| 044 |
|
|
|a xo
|c SK
|
| 072 |
|
7 |
|a 14
|x Filozofické systémy a hľadiská
|2 konspekt
|
| 080 |
|
|
|a 14:2
|2 2011
|
| 100 |
1 |
|
|a Tilkovský, Vojtech,
|d 1625-1695
|4 aut
|9 297604
|
| 245 |
1 |
0 |
|a Cura Medica Animae
|b Sive De Malo, Malique Causis Et Remediis, Opusculum Aureum : Anno Reparatae Salutis MDCCII. Viennae Austriae, literis Voigtianis editum; ac Illustrissimae Dominorum Sodalitati Marianae in xenium oblatum. Nunc vero solicitis curis ad mentem Authoris recognitum, multisque locis perpolitum, ac meliori hac forma, & ordine recusum
|c Authore P. Adalberto Tilkowski, Soc. Jesu Theologo
|
| 260 |
|
|
|a Tyrnavie
|b Typis Academicis Soc. Jesu
|c Anno MDCCLII. [=1752]
|
| 300 |
|
|
|a 315, [9] s.
|c 17 cm
|
| 500 |
|
|
|a Titulná strana s vinetou. Vlys. Ozdobné linky. Ozdobné iniciály. Vinety. Tlač na titulnej strane červená a čierna. Zložky. Kustody
|
| 501 |
|
|
|a Prív. 1. PRIMAVESY, Florian. Assertiones Scholastico-Dogmaticas. [Trnava] : [Akademická tlačiareň], 1769.
|5 SNK SD 2362
|
| 504 |
|
|
|a Živé záhlavie. Úvod
|
| 610 |
2 |
7 |
|a Rímskokatolícka cirkev
|2 SNKKA
|9 32394
|
| 650 |
0 |
7 |
|a asketická teológia
|2 SNKPH
|9 346892
|
| 710 |
2 |
|
|a Akademická tlačiareň (Trnava, Slovensko)
|4 prt
|9 232890
|
| 752 |
|
|
|a Slovensko
|d Trnava
|
| 852 |
|
|
|a snk
|p SD 2362
|
| 958 |
|
|
|a ONDV
|
| 958 |
|
|
|a DD
|
| 999 |
|
|
|c 1102239
|d 1104169
|
| 952 |
|
|
|a SNK
|b SNK
|y PREZ
|7 0
|p 17A0885197
|o snkSD 2362
|i snk225/30
|0 0
|1 0
|4 0
|d 2022-04-27
|l 0
|r 2025-10-29 00:00:00
|w 2026-02-24
|
| 952 |
|
|
|a SNK
|b SNK
|y PREZ
|7 0
|p 17A1485142
|o snkSD 2362 D1
|i snkF 2998/66
|8 5
|0 0
|1 0
|4 0
|d 2022-04-27
|l 0
|r 2026-02-24 17:34:42
|w 2026-02-24
|
| 952 |
|
|
|a SNK
|b SNK
|y PREZ
|7 0
|p 17A1121526
|o snkSD 2362 D2
|i snk2015/4227
|8 1
|0 0
|1 0
|4 0
|d 2015-02-06
|l 0
|r 2026-02-24 17:34:42
|w 2026-02-24
|